[Event "EYCC B14"]
[Site "Halkidiki GRE"]
[Date "2001.09.02"]
[EventDate "2001.08.31"]
[Round "3"]
[Result "0-1"]
[White "Jure Zorko"]
[Black "Nikita Vitiugov"]
[WhiteElo "2108"]
[BlackElo "2350"]
[PlyCount "62"]

1. e4 c5 2. Nf3 e6 3. d4 cxd4 4. Nxd4 Nf6 5. Nc3 d6 6. Be2 Be7
7. O-O O-O 8. Be3 Nc6 9. f4 Qc7 10. Kh1 a6 11. Qe1 Nxd4
12. Bxd4 b5 13. a3 Bb7 14. Qg3 g6 15. Bf3 Bc6 16. Rae1 a5
17. e5 dxe5 18. fxe5 Nd7 19. Bxc6 Qxc6 20. Ne4 Qxc2 21. Nf6+
Bxf6 22. exf6 Kh8 23. Qg5 b4 24. Qh6 Rg8 25. Rf3 g5 26. Qh5
Qd2 27. Re4 Qd1+ 28. Bg1 Nxf6 29. Qh6 Rg6 30. Rxf6 Rxh6
31. Rxh6 Rc8 0-1

[Event "EYCC B14"]
[Site "Halkidiki GRE"]
[Date "2001.09.04"]
[EventDate "2001.08.31"]
[Round "5"]
[Result "1-0"]
[White "Vasily Papin"]
[Black "Nikita Vitiugov"]
[WhiteElo "2121"]
[BlackElo "2350"]
[PlyCount "81"]

1. e4 c5 2. Nf3 e6 3. d4 cxd4 4. Nxd4 Nf6 5. Nc3 d6 6. Be2 Be7
7. O-O O-O 8. Be3 Nc6 9. f4 Qc7 10. Kh1 a6 11. Qe1 Nxd4
12. Bxd4 b5 13. a3 Bb7 14. Qg3 Bc6 15. Rae1 Qb7 16. Bd3 g6
17. f5 b4 18. axb4 Qxb4 19. Ne2 e5 20. Bc3 Qb7 21. Bd2 Bxe4
22. Bh6 Rfe8 23. Nc3 Bxd3 24. cxd3 Kh8 25. Ne4 Nh5 26. Qf3 f6
27. Qh3 Qd7 28. g4 d5 29. gxh5 g5 30. Nf2 Rab8 31. Re2 Bc5
32. Ng4 Rb6 33. Qg2 Qf7 34. Qh3 e4 35. dxe4 dxe4 36. Qc3 Be7
37. Bxg5 Qg7 38. Be3 Bb4 39. Qc4 Rb5 40. Rg2 Rg8 41. Bd4 1-0

[Event "EYCC B14"]
[Site "Halkidiki GRE"]
[Date "2001.09.07"]
[EventDate "2001.08.31"]
[Round "7"]
[Result "1/2-1/2"]
[White "Michal Luch"]
[Black "Nikita Vitiugov"]
[WhiteElo "2115"]
[BlackElo "2350"]
[PlyCount "53"]

1. e4 c5 2. Nf3 e6 3. d4 cxd4 4. Nxd4 Nf6 5. Nc3 d6 6. g4 Nc6
7. g5 Nd7 8. Ndb5 Nb6 9. Bf4 Ne5 10. Qh5 Ng6 11. Be3 a6
12. Nd4 Bd7 13. f4 e5 14. fxe5 dxe5 15. Nf5 Nf4 16. Qf3 g6
17. Bxf4 exf4 18. Qxf4 gxf5 19. Qe5+ Be6 20. Qxh8 Qxg5 21. Rd1
Qh4+ 22. Ke2 Bc4+ 23. Ke3 Qg5+ 24. Kf2 Qf4+ 25. Kg2 Qg5+
26. Kf2 Qf4+ 27. Kg2 1/2-1/2

[Event "EYCC B14"]
[Site "Halkidiki GRE"]
[Date "2001.09.09"]
[EventDate "2001.08.31"]
[Round "9"]
[Result "1/2-1/2"]
[White "Sergiy Zavgorodniy"]
[Black "Nikita Vitiugov"]
[WhiteElo "2453"]
[BlackElo "2350"]
[PlyCount "98"]

1. e4 c5 2. Nf3 e6 3. d3 d5 4. Qe2 Nf6 5. g3 g6 6. Bg2 Bg7
7. O-O O-O 8. e5 Nfd7 9. Bf4 Nc6 10. Nbd2 f6 11. exf6 Qxf6
12. Bd6 Rf7 13. c4 b6 14. Rae1 Bb7 15. Qxe6 Qxe6 16. Rxe6 Bxb2
17. cxd5 Nb4 18. Ng5 Rf5 19. Nde4 Bxd5 20. Re7 Nf6 21. Rb1 Bd4
22. Nf3 Rxf3 23. Bxf3 Nxe4 24. Bxe4 Bxe4 25. Rxe4 Nxa2
26. Rbe1 a5 27. Re8+ Rxe8 28. Rxe8+ Kf7 29. Re7+ Kf6 30. Rb7
Nb4 31. Rxb6 Kf7 32. Rb5 Nxd3 33. Rxa5 Bxf2+ 34. Kf1 Bd4
35. Ke2 c4 36. Bf4 Nxf4+ 37. gxf4 Ke6 38. Ra8 c3 39. Rc8 Bf6
40. Ke3 g5 41. Ke4 gxf4 42. h3 Kd7 43. Rc5 Kd6 44. Rc4 f3
45. Kxf3 Kd5 46. Rc7 h6 47. Ke3 Bg5+ 48. Kd3 Bd2 49. Rc8 Ke5
1/2-1/2

[Event "Chigorin mem open"]
[Site "St Petersburg RUS"]
[Date "2001.10.02"]
[EventDate "2001.10.26"]
[Round "8"]
[Result "0-1"]
[White "Nikita Vitiugov"]
[Black "Andrey Rychagov"]
[WhiteElo "2382"]
[BlackElo "2513"]
[PlyCount "96"]

1. d4 f5 2. Nc3 Nf6 3. Bg5 d5 4. Bxf6 exf6 5. e3 Be6 6. Bd3
Qd7 7. Qf3 Nc6 8. a3 Ne7 9. Nge2 O-O-O 10. O-O-O Kb8 11. h3 h5
12. h4 g6 13. Kb1 Nc8 14. Nf4 Bf7 15. Qg3 Qc6 16. Na2 Qb6
17. Ka1 Bd6 18. Qf3 Qa5 19. Qe2 Rhe8 20. g3 c5 21. Bb5 Re7
22. dxc5 Be5 23. c3 a6 24. Bd3 Qxc5 25. Nb4 Rd6 26. Bb1 Nb6
27. Nfd3 Qa5 28. f4 Bxc3 29. bxc3 Nc4 30. Ba2 Qxa3 31. Nb2
Nxe3 32. Rd4 a5 33. Nc2 Qxc3 34. Nxe3 Qxd4 35. Nxf5 Rxe2
36. Nxd4 Rd2 37. Rd1 Rxd1+ 38. Nxd1 Rd8 39. Kb2 Rg8 40. Nc3 g5
41. f5 gxh4 42. gxh4 Rg4 43. Ne6 d4 44. Nd5 Rg2+ 45. Kb1 d3
46. Bb3 Rg1+ 47. Kb2 d2 48. Nc3 Rg4 0-1

[Event "Chigorin mem open"]
[Site "St Petersburg RUS"]
[Date "2001.10.03"]
[EventDate "2001.10.26"]
[Round "9"]
[Result "1-0"]
[White "Petr Kostenko"]
[Black "Nikita Vitiugov"]
[WhiteElo "2494"]
[BlackElo "2382"]
[PlyCount "83"]

1. e4 c5 2. Nf3 e6 3. d4 cxd4 4. Nxd4 Nf6 5. Nc3 d6 6. g4 Nc6
7. g5 Nd7 8. h4 Be7 9. Be3 O-O 10. f4 Nb6 11. Qf3 d5 12. O-O-O
Bb4 13. exd5 exd5 14. Bf2 Nxd4 15. Bxd4 Bf5 16. Bh3 Bxc3
17. Bxf5 Bxd4 18. Rxd4 Qe7 19. h5 Rfe8 20. Kb1 Nc4 21. a3 Qc5
22. Rxd5 Qc6 23. Bxh7+ Kh8 24. Qd3 Ne3 25. c4 Nxd5 26. cxd5
Qa6 27. Qxa6 bxa6 28. Bc2 Rad8 29. Rd1 Rd6 30. Rd4 Kg8 31. b4
Rb8 32. Ka2 Kf8 33. Ba4 Rc8 34. Kb3 Rb8 35. Bc6 Rc8 36. Re4 f6
37. g6 f5 38. Re5 Rf6 39. Kc4 Rb8 40. Kc5 Rd8 41. a4 Kg8
42. Re7 1-0

[Event "Chigorin mem open"]
[Site "St Petersburg RUS"]
[Date "2001.10.26"]
[EventDate "2001.10.26"]
[Round "1"]
[Result "1/2-1/2"]
[White "Boris Dribinsky"]
[Black "Nikita Vitiugov"]
[WhiteElo "2097"]
[BlackElo "2382"]
[PlyCount "128"]

1. d4 d5 2. c4 e6 3. Nf3 Nf6 4. Bg5 h6 5. Bh4 Bb4+ 6. Nc3 dxc4
7. e3 b5 8. Be2 Bb7 9. O-O a6 10. Ne5 Be7 11. a4 b4 12. Nb1
Nbd7 13. Nxc4 c5 14. Nbd2 cxd4 15. exd4 O-O 16. Bg3 Nb6 17. a5
Nbd5 18. Bf3 Bc6 19. Re1 Bb5 20. Nb6 Ra7 21. Ndc4 Re8 22. Qb3
Nxb6 23. Nxb6 Bd6 24. Be5 Rc7 25. Rac1 Qe7 26. h3 Rd8 27. Bxd6
Qxd6 28. Rxc7 Qxc7 29. Qxb4 Qf4 30. Qc3 Rxd4 31. Be2 Bxe2
32. Rxe2 Rd1+ 33. Re1 Rd2 34. Qc8+ Kh7 35. Rf1 Rxb2 36. Qxa6
Ne4 37. Qd3 f5 38. g3 Nxf2 39. gxf4 Nxd3 40. Ra1 Nb4 41. a6
Nc6 42. Nc8 Rb8 43. a7 Rxc8 44. a8=Q Rxa8 45. Rxa8 Ne7 46. Kf2
Kg6 47. Rf8 Nd5 48. Kf3 Nf6 49. Ke3 Ne4 50. Kf3 Nd6 51. h4 Ne4
52. Re8 Kf7 53. Ra8 g5 54. Rh8 Kg7 55. Re8 Kf7 56. Rh8 g4+
57. Ke2 Nc3+ 58. Kf2 Nd5 59. Kg3 Nf6 60. Kf2 Kg6 61. Ra8 Ne4+
62. Kg2 Nc5 63. Rc8 Ne4 64. Rc6 Kf7 1/2-1/2

[Event "Chigorin mem open"]
[Site "St Petersburg RUS"]
[Date "2001.10.27"]
[EventDate "2001.10.26"]
[Round "2"]
[Result "1-0"]
[White "Nikita Vitiugov"]
[Black "Juli Razuvajeva"]
[WhiteElo "2382"]
[BlackElo "2206"]
[PlyCount "81"]

1. d4 d5 2. c4 c6 3. Nc3 e6 4. e3 f5 5. f4 Nf6 6. Nf3 Be7
7. Be2 O-O 8. O-O Ne4 9. Qc2 Nd7 10. b3 Ndf6 11. Ne5 Bd7
12. a4 Nxc3 13. Qxc3 Ne4 14. Qd3 Bf6 15. Ba3 Re8 16. Bh5 g6
17. Bf3 Rc8 18. Rfd1 Kg7 19. Bxe4 fxe4 20. Qc3 b5 21. axb5
cxb5 22. Bc5 Bxe5 23. fxe5 Ra8 24. Ra6 bxc4 25. bxc4 Bc8
26. Rd6 Qh4 27. Rc6 a5 28. Rf1 Ba6 29. Rc7+ Kg8 30. Rf4 Qh5
31. Qe1 g5 32. g4 Qh3 33. Rff7 Rab8 34. Qf1 Qxg4+ 35. Kh1 Qh5
36. Rg7+ Kh8 37. Rgd7 Kg8 38. Qf7+ Qxf7 39. Rxf7 Rb1+ 40. Kg2
Rb2+ 41. Kg3 1-0

[Event "Chigorin mem open"]
[Site "St Petersburg RUS"]
[Date "2001.10.28"]
[EventDate "2001.10.26"]
[Round "3"]
[Result "1/2-1/2"]
[White "Evgeny E Vorobiov"]
[Black "Nikita Vitiugov"]
[WhiteElo "2516"]
[BlackElo "2382"]
[PlyCount "47"]

1. e4 c5 2. Nf3 e6 3. Nc3 d6 4. d4 cxd4 5. Nxd4 Nf6 6. Be2 Be7
7. f4 O-O 8. Be3 Nc6 9. O-O Qc7 10. Kh1 a6 11. a4 Re8 12. a5
Nxa5 13. e5 dxe5 14. fxe5 Qxe5 15. Bf4 Qc5 16. Na4 Qa7 17. Bc7
Nc6 18. Nb6 Nxd4 19. Qxd4 Bd7 20. Rad1 Bc6 21. Nxa8 Qxd4
22. Rxd4 Rxa8 23. Bf3 Bxf3 24. gxf3 1/2-1/2

[Event "Chigorin mem open"]
[Site "St Petersburg RUS"]
[Date "2001.10.29"]
[EventDate "2001.10.26"]
[Round "4"]
[Result "1/2-1/2"]
[White "Nikita Vitiugov"]
[Black "Yuri Balashov"]
[WhiteElo "2382"]
[BlackElo "2555"]
[PlyCount "43"]

1. e4 e5 2. Nf3 Nc6 3. Bb5 a6 4. Ba4 Nf6 5. Qe2 Bd6 6. c3 O-O
7. O-O Re8 8. Bc2 Bf8 9. d4 d6 10. d5 Ne7 11. c4 Ng6 12. Nc3
Nh5 13. g3 Bg4 14. Qd3 Be7 15. Nd2 Bg5 16. Bd1 Qc8 17. Bxg4
Qxg4 18. Qf3 Qh3 19. Qg2 Qd7 20. Qf3 Qh3 21. Qg2 Qd7 22. Qf3
1/2-1/2

[Event "St. Petersburg Open"]
[Site "St. Petersburg RUS"]
[Date "2003.10.18"]
[EventDate "?"]
[Round "1.58"]
[Result "0-1"]
[White "Albert Lyubimtsev"]
[Black "Nikita Vitiugov"]
[WhiteElo "2148"]
[BlackElo "2457"]
[PlyCount "84"]

1. e4 c5 2. Nf3 e6 3. Be2 Nc6 4. O-O Nf6 5. d3 Be7 6. c3 Qc7 7. Bg5 O-O 8. Nbd2 d5 9. Qc2 Rd8 10. Rad1 b6 11. Bh4 Bb7 12. Bg3 Qc8 13. h3 b5 14. Rfe1 a5 15. Ne5 a4 16. Nxc6 Qxc6 17. exd5 Nxd5 18. Bf3 Qb6 19. a3 Rd7 20. c4 Nf6 21. Bxb7 Rxb7 22. cxb5 Qxb5 23. Nc4 Rd8 24. Re2 Nd5 25. Be5 Qa6 26. Re4 Rb3 27. Qe2 Nf6 28. Re3 Nd5 29. Qg4 f6 30. Rg3 Bf8 31. Nd2 fxe5 32. Nxb3 axb3 33. Rf3 Be7 34. Qe4 Bf6 35. g4 g6 36. Rxf6 Nxf6 37. Qxe5 Nd5 38. Re1 Re8 39. f4 Qc6 40. f5 Qc7 41. Qxd5 exd5 42. Rxe8+ Kf7  0-1

[Event "St. Petersburg Open"]
[Site "St. Petersburg RUS"]
[Date "2003.10.19"]
[EventDate "?"]
[Round "2.11"]
[Result "1/2-1/2"]
[White "Nikita Vitiugov"]
[Black "Alexei Kornev"]
[WhiteElo "2457"]
[BlackElo "2561"]
[PlyCount "142"]

1. d4 d5 2. c4 c6 3. Nc3 Nf6 4. e3 a6 5. Qc2 e6 6. Nf3 Nbd7 7. b3 Bd6 8. Be2 O-O 9. O-O e5 10. cxd5 cxd5 11. dxe5 Nxe5 12. Bb2 Be6 13. Rac1 Rc8 14. Qd2 Qe7 15. Rfd1 Rfd8 16. Nxe5 Bxe5 17. Bf3 d4 18. exd4 Bxd4 19. Qf4 Ba7 20. Ne4 Nxe4 21. Qxe4 Rxc1 22. Rxc1 Qg5 23. h4 Qa5 24. Qe5 Qxe5 25. Bxe5 Rd2 26. Bg3 Rxa2 27. Bxb7 a5 28. Bd5 h6 29. Bxe6 fxe6 30. Rc6 Ra3 31. Rxe6 Rxb3 32. Ra6 Bb6 33. Bf4 Rb1+ 34. Kh2 Bxf2 35. Rxa5 Bxh4 36. Ra6 Bf6 37. g3 Kf7 38. Kg2 Rb2+ 39. Kf3 Rb3+ 40. Ke4 Rb1 41. Ra7+ Ke6 42. Ra6+ Kf7 43. Ra7+ Kg6 44. Ra3 h5 45. Ra5 Rb3 46. Rd5 Ra3 47. Rb5 Ra8 48. Kf3 Rc8 49. Ra5 Rc3+ 50. Ke4 Rb3 51. Rd5 Rb1 52. Kf3 Rb3+ 53. Ke4 h4 54. gxh4 Bxh4 55. Rd3 Rb1 56. Kf3 Bf6 57. Rd5 Rb3+ 58. Kg4 Rb4 59. Kf3 Kf7 60. Ra5 Rb1 61. Be5 Rb3+ 62. Kg4 Be7 63. Ra7 Rb6 64. Kf3 g6 65. Bd4 Rc6 66. Rb7 Rc4 67. Be3 Ke6 68. Rb6+ Bd6 69. Bg1 Rf4+ 70. Ke2 Rc4 71. Kd3 Rb4  1/2-1/2

[Event "St. Petersburg Open"]
[Site "St. Petersburg RUS"]
[Date "2003.10.21"]
[EventDate "?"]
[Round "4.9"]
[Result "0-1"]
[White "Nikita Vitiugov"]
[Black "Farrukh Amonatov"]
[WhiteElo "2457"]
[BlackElo "2557"]
[PlyCount "114"]

1. d4 d5 2. c4 c6 3. Nc3 Nf6 4. e3 a6 5. Qc2 e6 6. Nf3 c5 7. a3 cxd4 8. exd4 dxc4 9. Bxc4 b5 10. Ba2 Bb7 11. Qe2 Be7 12. O-O O-O 13. Bg5 Nbd7 14. Rad1 Nb6 15. Ne5 Nbd5 16. Bb1 Nxc3 17. bxc3 g6 18. Rd3 Nd5 19. Bd2 Bf6 20. Rh3 Bg7 21. Re1 Ne7 22. Ng4 Nf5 23. Bf4 Qd5 24. Ne3 Nxe3 25. fxe3 Qb3 26. e4 Qxa3 27. Qe3 b4 28. cxb4 Qxb4 29. Be5 Bxe5 30. dxe5 Rfd8 31. Qf2 Rd2 32. Qh4 h5 33. Rf1 Rad8 34. Qf6 Qf8 35. Rhf3 R2d7 36. Ba2 Qg7 37. Qg5 Re8 38. Rf6 Bxe4 39. h4 Bf5 40. Kh2 Rb7 41. Qf4 Rb2 42. Bc4 a5 43. Qc1 Rc2 44. Qf4 Rc8 45. Bd3 Ra2 46. Rf3 Rc3 47. Qd4 Raa3 48. Bxf5 Rxf3 49. Bxg6 Rad3 50. Qe4 Rxf6 51. Qa8+ Qf8 52. Bh7+ Kxh7 53. Qxf8 Rf5 54. Qc5 Rd5 55. Qc2 Rxe5 56. Qb3 Re4 57. Kh3 a4  0-1

[Event "St. Petersburg Open"]
[Site "St. Petersburg RUS"]
[Date "2003.10.23"]
[EventDate "?"]
[Round "6.41"]
[Result "1-0"]
[White "Nikita Vitiugov"]
[Black "Petr Sinkevich"]
[WhiteElo "2457"]
[BlackElo "2323"]
[PlyCount "95"]

1. e4 e5 2. Nf3 Nc6 3. Bb5 Nf6 4. Qe2 a6 5. Ba4 Be7 6. c3 b5 7. Bb3 O-O 8. d4 d6 9. a4 Bg4 10. d5 Na5 11. Bc2 c6 12. dxc6 Qb6 13. c7 bxa4 14. Rxa4 Bd7 15. Ra2 Be6 16. Ra4 Bd7 17. Ra1 Bb5 18. Bd3 Bxd3 19. Qxd3 Nb3 20. Be3 Qb7 21. Ra4 d5 22. exd5 e4 23. Rxe4 Nxe4 24. Qxe4 Qxc7 25. O-O Rfe8 26. Qc2 Rab8 27. Rd1 a5 28. Nbd2 Nxd2 29. Rxd2 h6 30. g3 Bd6 31. Nd4 Qc4 32. b3 Qc7 33. c4 Bxg3 34. hxg3 Rxe3 35. fxe3 Qxg3+ 36. Kf1 Qxe3 37. Qd3 Qf4+ 38. Rf2 Qc1+ 39. Kg2 a4 40. Qg3 Re8 41. Qf4 Qe1 42. Qxf7+ Kh8 43. Ne6 Qe4+ 44. Qf3 Qg6+ 45. Qg3 Qe4+ 46. Kh2 Rg8 47. Qf4 Qg6 48. Qf5 1-0

[Event "St. Petersburg Open"]
[Site "St. Petersburg RUS"]
[Date "2003.10.24"]
[EventDate "?"]
[Round "7.24"]
[Result "1/2-1/2"]
[White "Pavel Mikhailovich Kotsur"]
[Black "Nikita Vitiugov"]
[WhiteElo "2552"]
[BlackElo "2457"]
[PlyCount "102"]

1. c4 e6 2. g3 d5 3. Bg2 Nf6 4. Nf3 dxc4 5. Qa4+ Nbd7 6. Qxc4 c5 7. O-O b6 8. b3 Bb7 9. Bb2 Be7 10. d3 O-O 11. Nbd2 Nd5 12. a3 Rc8 13. Qc2 Nb8 14. Rac1 Nc6 15. e3 Qd7 16. Rfd1 Rfd8 17. Qb1 Bf6 18. Nc4 Bxb2 19. Qxb2 Qe7 20. Rc2 h6 21. Rdc1 Qf6 22. Qxf6 Nxf6 23. Ne1 Nd5 24. Kf1 Kf8 25. Ke2 Ke7 26. Nf3 f6 27. h4 g5 28. hxg5 hxg5 29. Rh1 Rh8 30. Rcc1 Rcd8 31. Nfd2 g4 32. f3 gxf3+ 33. Nxf3 Rdg8 34. Kf2 Ba8 35. g4 Kf8 36. Rxh8 Rxh8 37. g5 fxg5 38. Nxg5 Ke7 39. Ne4 Nf6 40. Bf3 Nxe4+ 41. Bxe4 Kf6 42. Rf1 Na5 43. Ke2+ Ke7 44. Nxa5 Bxe4 45. dxe4 bxa5 46. Kd3 Rh2 47. Rg1 Rb2 48. Kc4 Rc2+ 49. Kd3 Rb2 50. Kc3 Re2 51. Rg7+ Kd6 1/2-1/2

[Event "St-Peterburg vs Moscow Match"]
[Site "St Petersburg RUS"]
[Date "2005.06.14"]
[EventDate "2005.06.14"]
[Round "1"]
[Result "0-1"]
[White "Vladimir Potkin"]
[Black "Nikita Vitiugov"]
[WhiteElo "2552"]
[BlackElo "2482"]
[PlyCount "58"]

1. d4 d5 2. c4 e6 3. Nc3 c6 4. e4 Bb4 5. Bd2 dxc4 6. Bxc4 Qxd4
7. Qe2 b5 8. Bd3 Nd7 9. Nf3 Qb6 10. O-O Bxc3 11. Bxc3 Ngf6
12. a4 b4 13. a5 Qb8 14. Bd2 e5 15. Rac1 c5 16. Be3 Qc7 17. a6
O-O 18. Nd2 Qc6 19. Rc2 Rd8 20. Rfc1 Qe6 21. Nf3 Qd6 22. h3 h6
23. Bb5 Nxe4 24. Rd1 Qb6 25. Qd3 Nef6 26. Nxe5 Bxa6 27. Nxf7
Ne5 28. Nxh6+ gxh6 29. Qb3+ c4 0-1

[Event "USA vs Russia Distance Match"]
[Site "St. Petersberg / New York"]
[Date "2005.07.11"]
[EventDate "2001.2.28"]
[Round "1.4"]
[Result "0-1"]
[White "Alexander Yevgenyevich Stripunsky"]
[Black "Nikita Vitiugov"]
[WhiteElo "2565"]
[BlackElo "2519"]
[PlyCount "90"]

1. e4 c5 2. d3 e6 3. Nf3 d5 4. Qe2 Nf6 5. g3 Nc6 6. Bg2 Be7
7. O-O b6 8. c3 Ba6 9. e5 Nd7 10. h4 Qc7 11. Re1 h6 12. c4 d4
13. Na3 Bb7 14. Nb5 Qd8 15. h5 a6 16. Nd6 Bxd6 17. exd6 O-O
18. Bf4 Re8 19. g4 e5 20. Bg3 Qf6 21. Nh4 Qxd6 22. Nf5 Qc7
23. g5 hxg5 24. Qg4 f6 25. Bd5 Kh8 26. Qe4 Nf8 27. f4 gxf4
28. Nh4 Nd8 29. Bxf4 Bxd5 30. cxd5 Nf7 31. Bd2 Nd6 32. Qf3 Qf7
33. Re2 c4 34. Rf1 cxd3 35. Rg2 e4 36. Qf4 e3 37. Qxd6 exd2
38. Rxd2 Re4 39. Nf5 Rg4 40. Rg2 Qxh5 41. Ne7 Rxg2 42. Kxg2 d2
43. Qf4 Ng6 44. Nxg6 Qxg6 45. Kf3 Qd3 0-1

[Event "USA vs Russia Distance Match"]
[Site "St. Petersberg / New York"]
[Date "2005.07.11"]
[EventDate "2001.2.28"]
[Round "2.4"]
[Result "1-0"]
[White "Nikita Vitiugov"]
[Black "Alexander Yevgenyevich Stripunsky"]
[WhiteElo "2519"]
[BlackElo "2565"]
[PlyCount "83"]

1. d4 d5 2. c4 c6 3. Nf3 Nf6 4. Nc3 e6 5. Bg5 h6 6. Bh4 dxc4
7. e4 g5 8. Bg3 b5 9. Be2 Bb7 10. h4 g4 11. Ne5 Rg8 12. O-O
Nbd7 13. Nxg4 b4 14. Na4 Nxe4 15. Bxc4 Nxg3 16. fxg3 Qe7
17. Nc5 O-O-O 18. Nxd7 Rxd7 19. Ne5 Rg7 20. Nxd7 Qxd7 21. Qd3
Bd6 22. Rf3 Kb8 23. Raf1 Bc7 24. Kh1 Bb6 25. Qe3 Bxd4 26. Qf4
Ka8 27. Qxf7 Rxf7 28. Rxf7 Qc8 29. Rf8 Bxb2 30. Rxc8 Bxc8
31. g4 a5 32. g5 hxg5 33. hxg5 Ka7 34. g6 Kb6 35. Rf7 a4
36. g7 Bxg7 37. Rxg7 Kc5 38. Rc7 Bd7 39. Rxd7 Kxc4 40. g4 b3
41. axb3 axb3 42. g5 1-0

[Event "Chigorin Mem"]
[Site "St Petersburg RUS"]
[Date "2005.10.15"]
[EventDate "?"]
[Round "1"]
[Result "0-1"]
[White "Vladimir Ponfilenok"]
[Black "Nikita Vitiugov"]
[WhiteElo "2256"]
[BlackElo "2538"]
[PlyCount "50"]

1. d4 d5 2. Bg5 h6 3. Bh4 c5 4. c3 Nc6 5. e3 g5 6. Bg3 Nf6
7. Nd2 Bg7 8. Bd3 Bg4 9. f3 Bd7 10. Ne2 b6 11. O-O h5 12. e4
h4 13. Bf2 cxd4 14. Nxd4 Ne5 15. Bc2 Qc7 16. Qe2 Nh5 17. exd5
O-O-O 18. c4 g4 19. Nf5 g3 20. hxg3 hxg3 21. Nxg3 Ng4 22. Nde4
Nxg3 23. Nxg3 Nxf2 24. Qxf2 Bxb2 25. Rab1 Ba3 0-1

[Event "Keres Memorial Tournaments"]
[Site "Tallin EST"]
[Date "2006.01.10"]
[EventDate "2006.01.08"]
[Round "4"]
[Result "1/2-1/2"]
[White "Meelis Kanep"]
[Black "Nikita Vitiugov"]
[WhiteElo "2516"]
[BlackElo "2573"]
[PlyCount "100"]

1. d4 d5 2. c4 e6 3. Nf3 Nf6 4. g3 dxc4 5. Bg2 a6 6. Ne5 Bb4+
7. Bd2 Qxd4 8. Qa4+ Nbd7 9. Qxb4 Qxe5 10. Nc3 Qc5 11. Qa4 O-O
12. Be3 Qf5 13. Qxc4 Ng4 14. Qxc7 Nxe3 15. fxe3 Qe5 16. Qxe5
Nxe5 17. b3 Rb8 18. h3 Bd7 19. Kf2 Rfc8 20. Rac1 Kf8 21. Ne4
Ke7 22. Nc5 Bc6 23. Nd3 Bxg2 24. Kxg2 Nd7 25. e4 a5 26. Kf3 b5
27. Ke3 e5 28. Rhd1 h5 29. Ne1 a4 30. Nd3 Rxc1 31. Rxc1 axb3
32. axb3 Ra8 33. Nb4 Ra3 34. Rc3 Ra1 35. Nd5+ Kd8 36. b4 Ra6
37. Kf3 g6 38. Rc7 Ra3+ 39. e3 Nb6 40. Rxf7 Nc4 41. Kf2 Ra2+
42. Kg1 Nd2 43. Rf6 g5 44. Rf2 Ra1+ 45. Kg2 Nxe4 46. Rf5 g4
47. Rxh5 Ra2+ 48. Kg1 Ra1+ 49. Kg2 Ra2+ 50. Kg1 Ra1+ 1/2-1/2

[Event "Blue Sevan Tournament"]
[Site "Sevan ARM"]
[Date "2006.07.14"]
[EventDate "2006.07.13"]
[Round "2"]
[Result "1-0"]
[White "Nikita Vitiugov"]
[Black "Gevorg Harutjunyan"]
[WhiteElo "2555"]
[BlackElo "2383"]
[PlyCount "81"]

1. d4 Nf6 2. c4 g6 3. Nc3 Bg7 4. e4 d6 5. Be2 O-O 6. Bg5 a6
7. Nf3 c5 8. dxc5 dxc5 9. Qxd8 Rxd8 10. e5 Nfd7 11. O-O-O Nc6
12. Nd5 h6 13. Bxe7 Nxe7 14. Nxe7+ Kf8 15. Nd5 Rb8 16. e6 fxe6
17. Nf4 Kf7 18. Bd3 Ne5 19. Nxe5+ Bxe5 20. Nxg6 Bd4 21. f4 Rg8
22. Ne5+ Ke7 23. g3 Bd7 24. Rhe1 b5 25. cxb5 axb5 26. Bc2 Ra8
27. a3 Ra6 28. Nf3 Bf6 29. Ne5 Be8 30. Re3 c4 31. Rde1 Rd6
32. Bf5 Kd8 33. Bh3 Bh5 34. a4 Kc7 35. axb5 Ra8 36. Ra3 Rxa3
37. bxa3 Rd4 38. Bxe6 Be8 39. a4 c3 40. Bb3 Bd7 41. Re3 1-0

[Event "European Individual Championship"]
[Site "Dresden GER"]
[Date "2007.04.08"]
[EventDate "2007.04.03"]
[Round "6"]
[Result "1-0"]
[White "Nikita Vitiugov"]
[Black "Nicholas Pert"]
[WhiteElo "2604"]
[BlackElo "2518"]
[PlyCount "70"]

1. e4 e6 2. d4 d5 3. Nc3 Bb4 4. e5 c5 5. a3 Bxc3+ 6. bxc3 Ne7
7. Qg4 Qc7 8. Qxg7 Rg8 9. Qxh7 cxd4 10. Ne2 Nbc6 11. f4 dxc3
12. Qd3 Nf5 13. Qxc3 d4 14. Qd3 b6 15. Rg1 Bb7 16. g4 Nh4
17. Rg3 O-O-O 18. Bd2 Kb8 19. Bb4 Ng6 20. Qd2 Ncxe5 21. fxe5
Nxe5 22. Qf4 Ka8 23. Be7 Rd5 24. Bf6 Qxc2 25. Bxe5 d3 26. Rd1
dxe2 27. Bxe2 Rgd8 28. Rxd5 Rxd5 29. Rc3 Qh7 30. Bf3 Qh4+
31. Kf1 Qh3+ 32. Kf2 Qh4+ 33. Kg2 Qe1 34. Bxd5 Bxd5+ 35. Kh3
b5 1-0

[Event "World Cup"]
[Site "Khanty-Mansiysk RUS"]
[Date "2007.11.25"]
[EventDate "2007.11.24"]
[Round "1.2"]
[Result "1/2-1/2"]
[White "Nikita Vitiugov"]
[Black "Konstantin Rufovich Sakaev"]
[WhiteElo "2594"]
[BlackElo "2634"]
[PlyCount "47"]

1. d4 d5 2. c4 c6 3. Nf3 Nf6 4. Nc3 dxc4 5. a4 Bf5 6. Ne5 Nbd7
7. Nxc4 Qc7 8. g3 e5 9. dxe5 Nxe5 10. Bf4 Nfd7 11. Bg2 g5
12. Bxe5 Nxe5 13. Qd4 f6 14. O-O-O Be7 15. Ne3 Be6 16. Qe4 Bb3
17. Rd2 O-O 18. h4 Bc5 19. hxg5 fxg5 20. Bh3 Rf7 21. Nf5 Kh8
22. f4 gxf4 23. gxf4 Nc4 24. Rd4 1/2-1/2

[Event "Russian Championship Higher League"]
[Site "Novokuznetsk RUS"]
[Date "2008.09.12"]
[EventDate "2008.09.03"]
[Round "9"]
[Result "1/2-1/2"]
[White "Nikita Vitiugov"]
[Black "Sergey Volkov"]
[WhiteElo "2616"]
[BlackElo "2636"]
[PlyCount "160"]

1. c4 e5 2. Nc3 Nf6 3. Nf3 Nc6 4. g3 Bb4 5. Nd5 e4 6. Nh4 O-O
7. Bg2 Re8 8. O-O Bc5 9. e3 d6 10. f3 Nxd5 11. cxd5 exf3
12. Nxf3 Nb8 13. Nh4 Nd7 14. b3 Bb6 15. Bb2 Ne5 16. Qc2 Bg4
17. Rf2 Qe7 18. Raf1 Rf8 19. Qe4 Bd7 20. Nf5 Bxf5 21. Rxf5
Rae8 22. Kh1 f6 23. Bxe5 dxe5 24. g4 g6 25. R5f3 Kg7 26. h4
Ba5 27. R1f2 Qb4 28. Rh3 f5 29. gxf5 Rxf5 30. Rxf5 Qxe4
31. Bxe4 gxf5 32. Bxf5 e4 33. d3 exd3 34. Bxd3 Bb6 35. Rg3+
Kh6 36. e4 Kh5 37. Kg2 Kxh4 38. Rh3+ Kg4 39. Rxh7 Kf4 40. Rh4+
Ke3 41. Bb5 Rg8+ 42. Kf1 Bd4 43. a4 Bf6 44. Rh7 Be5 45. Bc4
Rg4 46. Rh3+ Kxe4 47. Rd3 Bf4 48. Ke2 Rg2+ 49. Kd1 Rh2 50. Ke1
a6 51. Kd1 Ke5 52. d6 cxd6 53. Bd5 b6 54. Bb7 a5 55. Rd5+ Ke6
56. Rd4 Kf5 57. Rd5+ Kf6 58. Rd4 Be5 59. Rd3 Rh4 60. Ke2 Bd4
61. Rf3+ Ke5 62. Kd3 d5 63. Rg3 Rh5 64. Bc8 Bc5 65. Rg6 Rh8
66. Bd7 d4 67. Rg5+ Kf6 68. Rg3 Rh1 69. Ke4 Re1+ 70. Kd5 Re5+
71. Kc4 Re7 72. Bb5 Ke5 73. Rh3 Kf4 74. Bc6 Re1 75. Kd3 Rc1
76. Kd2 Rf1 77. Kd3 Rd1+ 78. Kc2 Re1 79. Kd3 Kg4 80. Bd7+ Kf4
1/2-1/2

[Event "Russian Championship Superfinal"]
[Site "Moscow RUS"]
[Date "2008.10.10"]
[EventDate "2008.10.03"]
[Round "7"]
[Result "1/2-1/2"]
[White "Nikita Vitiugov"]
[Black "Konstantin Rufovich Sakaev"]
[WhiteElo "2638"]
[BlackElo "2640"]
[PlyCount "113"]

1. c4 c6 2. d4 d5 3. Nf3 Nf6 4. Nc3 dxc4 5. a4 Bf5 6. Ne5 Nbd7
7. Nxc4 Nb6 8. Ne5 a5 9. e3 h6 10. g3 e6 11. Bg2 Bb4 12. O-O
O-O 13. Qe2 Bh7 14. Rd1 Nfd7 15. e4 Qe7 16. Be3 Nxe5 17. dxe5
Nd7 18. f4 Kh8 19. h3 f6 20. exf6 Nxf6 21. Bd4 Nd7 22. Bf2 e5
23. f5 Rad8 24. Kh2 Bg8 25. g4 Nc5 26. h4 Nb3 27. Rxd8 Rxd8
28. Rd1 Bf7 29. Rxd8+ Qxd8 30. Bg3 Bc5 31. g5 hxg5 32. Qg4 Be3
33. Bxe5 Qe7 34. Qg3 Qxe5 35. Qxe5 Bf4+ 36. Qxf4 gxf4 37. Bf3
Nd2 38. Be2 Bc4 39. e5 Bxe2 40. Nxe2 Nf3+ 41. Kh3 Nxe5
42. Nxf4 b5 43. Ne6 Nd3 44. b3 b4 45. Kg3 c5 46. Kf3 c4
47. Ke3 Ne1 48. Nc5 c3 49. Ke2 Ng2 50. Nb7 Nxh4 51. Nxa5 Nf3
52. Kd3 Nd4 53. Nc4 Nxb3 54. Ne3 Na5 55. Nd5 Nc6 56. a5 Nxa5
57. Ke4 1/2-1/2